Tayc-Parle moi - Statistiques

Statistiques générales
  • Ce quiz a été pris 16 fois
  • Le résultat moyen est 124 sur 200
Statistiques - réponses
Réponse % Correct
et
85%
le
85%
no
85%
à
77%
a
77%
choses
77%
de
77%
dis
77%
je
77%
les
77%
me
77%
moi
77%
ne
77%
non
77%
parle
77%
peu
77%
plus
77%
te
77%
tu
77%
un
77%
avant
69%
comme
69%
tout
69%
jamais
69%
méprise
69%
m'ignore
69%
tes
69%
tout
69%
ah
62%
bon
62%
c'est
62%
comprendre
62%
cris
62%
haut
62%
j'ai
62%
la
62%
mais
62%
mami
62%
manquent
62%
prends
62%
rien
62%
se
62%
changé
54%
côté
54%
détente
54%
deviner
54%
doigt
54%
j'étais
54%
merde
54%
mort
54%
pour
54%
sur
54%
Taykee
54%
tiré
54%
yeux
54%
censé
46%
consoler
46%
cries
46%
même
46%
n'dis
46%
pap
46%
pourquoi
46%
quoi
46%
temps
46%
yeah
46%
comprends
38%
consumer
38%
d'effet
38%
détendre
38%
est
38%
fait
38%
j'vois
38%
m'donnes
38%
n'sais
38%
pardon
38%
peines
38%
pleures
38%
quand
38%
qu'avec
38%
raison
38%
tort
38%
veines
38%
bien
31%
coule
31%
d'aller
31%
dans
31%
d'te
31%
énergie
31%
impuissant
31%
l'envie
31%
mieux
31%
ton
31%
n'te
23%
n'importe
8%
hey
0%
now
0%
ooh
0%
promette
0%
Aucun quiz correspondant
Distribution des résultats
% des personnes avec chaque résultat
Percentile par nombre de réponses
Votre historique - résultats
Vous n’avez pas pris ce quiz